000 00731nam a22001937a 4500
003 BD-DhUL
005 20170516181619.0
008 170516s1999 bg a|||| |||| 00| 0 ben c
020 _a9844970106
040 _aBD-DhUL
_cBD-DhUL
082 _a891.44
_bHAS
100 1 _aহাশেম, সৈয়দ নাজমুদ্দীন
245 1 0 _aসমুদ্যত দৈব দুর্বিপাকে /
_cসৈয়দ নাজমুদ্দীন হাশেম
260 _aঢাকা :
_bপুস্তকা,
_c১৯৯৯
300 _a১৮১ পৃ. :
_bচিত্র ;
_c২২ সেমি
650 0 _aবাংলা সাহিত্য
650 0 _aBangla Literature
942 _2ddc
_cBK
999 _c197994
_d197994